000 01045nam a2200361 a 4500
003 AR-BaBNM
005 20251128210211.0
008 082120s2002 ||||||||||||||000 | spa||
020 _a84-323-0472-7
040 _cAR-BaBNM
100 1 _aKamii, Constance Kazuko
245 0 0 _aEl conocimiento físico en la educación preescolar
250 _a1ª ed.
260 _aMéxico, D.F.
_bSiglo Veintiuno
_c1983
300 _a369 p.
_bil., tablas, diagr.
504 _aContiene bibliografía p. 360-364
650 4 _aDESARROLLO DEL NIÑO
650 4 _aTEORIAS DEL APRENDIZAJE
650 4 _aPSICOLOGIA DEL NIÑO
650 4 _aCONOCIMIENTO
650 4 _aPENSAMIENTO LOGICO
650 4 _aPROCESO DEL PENSAMIENTO
650 4 _aACTIVIDADES
650 4 _aOBJETIVOS EDUCACIONALES
650 4 _aPLANIFICACION
653 _aEDUCACION INICIAL
653 _aJARDINES DE INFANTES
653 _aESTRATEGIAS EDUCATIVAS
700 1 _aDevries, Rheta
700 1 _aNavascués Howard, Juan C.
_etraductor
942 _cBK
998 _cRaquel
999 _c14480
_d14480